000 00882nam a2200277 i 4500
001 11755
003 ES-MaACL
005 20230906150153.0
007 t|
008 961018s1995 ne ||||1| eng d
020 _a90-04-10313-9
080 _a22:29
080 _a29:22
080 _a235.2:22
080 _a22:235.2
245 0 0 _aDictionary of deities and demons in the bible
_b: (DDD) /
_cKarel van der Toorn, Bob Becking, Pieter W. van der Horst, editors.
260 _aLeiden [etc.] :
_bE.J. Brill,
_c1995.
300 _aXXXVI, [444, 20] p. ;
_c26 cm.
500 _aIndices.
650 1 4 _aDioses en la biblia-
_xDiccionarios.
_911911
650 1 4 _aDemonios en la biblia-
_xDiccionarios.
_911588
700 1 _aToorn, Karel van der.
_9110591
700 1 _aBecking, Bob.
_926962
700 1 _aHorst, Pieter W. van der.
_964252
852 _aES-MaACL
_jL-19087
_bR.125356
999 _c11755
_d11755